El texto narrativo en la escuela. Guía #3 para la enseñanza de la lengua escrita en 1ro. y 2do. grados de Educación Básica (Record no. 8230)
[ view plain ]
| 000 -LEADER | |
|---|---|
| campo de control de longitud fija | 00472nam a2200133Ia 4500 |
| 001 - NÚMERO DE CONTROL | |
| campo de control | 1800 |
| 008 - DATOS DE LONGITUD FIJA--INFORMACIÓN GENERAL | |
| campo de control de longitud fija | 241024s9999 xx 000 0 und d |
| 082 ## - NÚMERO DE LA CLASIFICACIÓN DECIMAL DEWEY | |
| Número de clasificación | RD/460.7/R426t/3 |
| 100 ## - ENTRADA PRINCIPAL--NOMBRE DE PERSONA | |
| Nombre de persona | República Dominicana. Secretaría de Estado de Educación |
| 245 #0 - MENCIÓN DEL TÍTULO | |
| Título | El texto narrativo en la escuela. Guía #3 para la enseñanza de la lengua escrita en 1ro. y 2do. grados de Educación Básica |
| 260 ## - PUBLICACIÓN, DISTRIBUCIÓN, ETC. | |
| Nombre del editor, distribuidor, etc. | Ed. Centenario |
| Fecha de publicación, distribución, etc. | 2003 |
| 901 ## - ELEMENTOS DE DATOS A LOCAL LDA (RLIN) | |
| a | 28/9/2011 10:19:53 a.m. |
No items available.